Normal view
MARC view
- Sup: Dr. Muhammad Tahir.
Entry Personal Name
001 - CONTROL NUMBER
- control field: 19492
003 - CONTROL NUMBER IDENTIFIER
- control field: NUST
005 - DATE AND TIME OF LATEST TRANSACTION
- control field: 20190825135555.0
008 - FIXED-LENGTH DATA ELEMENTS
- fixed length control field: 190825|| aca||aabn | a|a d
040 ## - CATALOGING SOURCE
- Original cataloging agency: NUST
- Transcribing agency: NUST
100 ## - HEADING--PERSONAL NAME
- Personal name: Sup: Dr. Muhammad Tahir.
670 ## - SOURCE DATA FOUND
- Source citation: Work cat.: (NUST)527988: Shuja, Malik Nawaz 19490, Development of Antibodies, Infectious clones and Infectivity studies of Cotton leaf curl Burewala virus (CLCuBuV) /, 2017.
